1967-1969 Pop Songs by Artist and Lyric - Statistics

General Stats
  • This quiz has been taken 578 times
  • The average score is 11 of 18
Answer Stats
Lyric Artist Song Title % Correct
I see skies of blue / And clouds of white / The bright blessed day / The dark sacred night Louis Armstrong What a Wonderful World
89%
Hands / Touchin' hands / Reachin' out / Touchin' me / Touchin' you Neil Diamond Sweet Caroline
87%
Do you remember when we used to sing? / Sha la la la la la la la la la la dee dah / Just like that Van Morrison Brown Eyed Girl
79%
Where have you gone, Joe DiMaggio? / Our nation turns its lonely eyes to you Simon & Garfunkel Mrs. Robinson
79%
I left my home in Georgia / Headed for the Frisco Bay / 'Cause I've had nothing to live for / And looks like nothing's gonna come my way Otis Redding (Sittin' On) The Dock of the Bay
78%
Cheer up, Sleepy Jean / Oh, what can it mean? The Monkees Daydream Believer
74%
What would you do if I sang out of tune? / Would you stand up and walk out on me? Joe Cocker With a Little Help from My Friends
70%
Yeah, darlin', go make it happen / Take the world in a love embrace Steppenwolf Born to Be Wild
69%
I am just a poor boy / Though my story's seldom told Simon & Garfunkel The Boxer
65%
I bet you're wonderin' how I knew / 'Bout your plans to make me blue Marvin Gaye Heard it Through the Grapevine
59%
I can't see me lovin' nobody but you / For all my life The Turtles Happy Together
54%
Gazing at people / Some hand in hand / Just what I'm going through / They can't understand The Moody Blues Nights in White Satin
48%
When the truth is found / To be lies / And all the joy within you dies Jefferson Airplane Somebody to Love
47%
Early in the evenin' / Just about supper time / Over by the courthouse / They're starting to unwind Creedence Clearwater Revival Down on the Corner
46%
Well, you don't know / What we can find / Why don't you come with me little girl Steppenwolf Magic Carpet Ride
46%
And I'll never have that recipe again / Oh, no Richard Harris MacArthur Park
42%
What's your name? / Who's your daddy? / Is he rich like me? The Zombies Time of the Season
41%
I think it's time we stop, children, what's that sound / Everybody look / What's going down Buffalo Springfield For What It's Worth
39%
No matching quizzes found
Score Distribution
Percent of People with Each Score
Percentile by Number Answered
Your Score History
You have not taken this quiz